Normal view
MARC view
Entry Personal Name
001 - CONTROL NUMBER
- control field: 37351
003 - CONTROL NUMBER IDENTIFIER
- control field: OSt
005 - DATE AND TIME OF LATEST TRANSACTION
- control field: 20230125110237.0
008 - FIXED-LENGTH DATA ELEMENTS
- fixed length control field: 230125|| aca||aabn | a|a d
040 ## - CATALOGING SOURCE
- Original cataloging agency: OSt
- Transcribing agency: OSt
100 ## - HEADING--PERSONAL NAME
- Personal name: Brock Luther A
670 ## - SOURCE DATA FOUND
- Source citation: Work cat.: (OSt)35794: Brock Luther A, How to Communicate by letter & Memo, 1974